| 000 | 01743nam a22002537a 4500 | ||
|---|---|---|---|
| 001 | 9713 | ||
| 003 | FISKH | ||
| 005 | 20260130100616.0 | ||
| 008 | 260130b cb ||||| |||| 00| 0 eng d | ||
| 020 | _a9781399633772 | ||
| 040 |
_aFISKH _beng _cFISKH _dFISKH |
||
| 050 | _aPZ7.1 .G368 | ||
| 082 | _a813.6 | ||
| 100 | _aGarber, Stephanie | ||
| 245 |
_aCaraval / _cStephanie Garber |
||
| 250 | _aThis edition published in 2025. | ||
| 260 |
_aLondon : _bGreat Britian, _c2017 |
||
| 300 |
_a409 pages : _bMaps ; _c20 cm |
||
| 490 |
_aCaraval : _vBook One |
||
| 520 | _aScarlett has never left the tiny island where she and her beloved sister, Tella, live with their ruthless father. Now Scarlett's father has arranged a marriage for her, and Scarlett thinks her dreams of seeing Caraval, the legendary, once-a-year performance where the audience participates in the show, are over. But this year, Scarlett's long-dreamt-of invitation finally arrives. With the help of a mysterious sailor who she has just met, Tella whisks Scarlett away to the show. Only, as soon as they arrive, Tella is kidnapped by Caraval's mastermind organizer, Legend. It turns out that this season's Caraval revolves around Tella, and whoever finds her first is the winner. Scarlett has been told that everything that happens during Caraval is only an elaborate performance. But she nevertheless becomes enmeshed in a game of love, heartbreak, and magic with the other players in the game. And whether Caraval is real or not, she must find Tella before the five nights of the game are over, a dangerous domino effect of consequences is set off, and her sister disappears forever | ||
| 650 |
_aFantasy _vRomance _xMystery |
||
| 942 |
_2ddc _cBK _n0 |
||
| 999 |
_c9713 _d9713 |
||